Everything Jesus taught; vol. 4. (Record no. 15557)

000 -LEADER
fixed length control field 00652nam a2200217 a 4500
001 - CONTROL NUMBER
control field :::00014411$&:&@@
003 - CONTROL NUMBER IDENTIFIER
control field OkBaRHE
005 - DATE AND TIME OF LATEST TRANSACTION
control field 20000830135055.0
008 - FIXED-LENGTH DATA ELEMENTS--GENERAL INFORMATION
fixed length control field s1976 j 000 0 eng u
020 ## - INTERNATIONAL STANDARD BOOK NUMBER
International Standard Book Number 0060652608 (v. 1)
040 ## - CATALOGING SOURCE
Transcribing agency
100 1# - MAIN ENTRY--PERSONAL NAME
Personal name Lockyer, Herbert.
245 10 - TITLE STATEMENT
Title Everything Jesus taught; vol. 4.
250 ## - EDITION STATEMENT
Edition statement 1st ed.
260 ## - PUBLICATION, DISTRIBUTION, ETC. (IMPRINT)
Place of publication, distribution, etc New York, NY., :
Name of publisher, distributor, etc Harper & Row
Date of publication, distribution, etc c1976
300 ## - PHYSICAL DESCRIPTION
Extent v. (1 - 5) ;
Dimensions 18 cm.
490 0# - SERIES STATEMENT
Series statement Harper jubilee books ; HJ 19-23
650 ## - SUBJECT ADDED ENTRY--TOPICAL TERM
Topical term or geographic name as entry element Jesus Christ
General subdivision Teachings
942 ## - ADDED ENTRY ELEMENTS (KOHA)
Source of classification or shelving scheme
Koha item type Books
Copies
Permanent Location Date last seen Price effective from Source of classification or shelving scheme Damaged status Shelving location Date acquired Lost status Not for loan Barcode Copy number Withdrawn status Koha item type Full call number
RHEMA Bible Training College2018-03-162010-04-14  General Stacks2010-04-14  144111 BooksBS 2415 .L6